Khảo và luận một số tác gia - tác phẩm văn học trung đại Việt Nam

Salvato in:
Dettagli Bibliografici
Autore principale: Bùi Duy Tân
Natura: Libro
Pubblicazione: H. Nxb Giáo dục
Tags: Aggiungi Tag
Nessun Tag, puoi essere il primo ad aggiungerne! !
Thư viện lưu trữ: Mạng thư viện Đại học Đà Nẵng
LEADER 00649nam a2200217 4500
001 000014336
003 10700
005 20150812150810.0
008 120425s sd
100 0 |a Bùi Duy Tân 
245 0 0 |a Khảo và luận một số tác gia - tác phẩm văn học trung đại Việt Nam  |c Bùi Duy Tân 
260 |a H.  |b Nxb Giáo dục 
774 |a Bùi Duy Tân  |d Giáo dục  |d H.  |d 1999  |g T.1  |h 642tr  |w 10699 
OWN |a LSP 
999 |a From the UDN01 
TYP |a Monograph 
TYP |a Printed language 
980 |a Mạng thư viện Đại học Đà Nẵng